000
00248nam a2200097Ia 4500
001
1206536
005
20251020104901.0
008
250824s9999 xx 000 0 und d
245
0
_a
GECENİN GECESİ
_c
HASAN ALİ TOPTAŞ
260
_b
EVEREST YAYINLARI
999
_c
1206536
_d
1206536